[Event "Asian Nations Chess Cup"]
[Site "Zaozhuang CHN"]
[Date "2012.05.23"]
[Round "6.3"]
[White "Wen Yang"]
[Black "Negi,P"]
[Result "1/2-1/2"]
[WhiteElo "2550"]
[BlackElo "2640"]

1.d4 Nf6 2.c4 g6 3.g3 Bg7 4.Bg2 d5 5.cxd5 Nxd5 6.e4 Nb6 7.Ne2 c5 8.d5 e6
9.O-O O-O 10.Nec3 Na6 11.a4 exd5 12.exd5 Nc4 13.Nd2 Nxd2 14.Bxd2 Bf5 15.Be3 c4
16.d6 Nb4 17.Bxb7 Rb8 18.Qf3 Qd7 19.Be4 Be6 20.a5 f5 21.Bd5 Nxd5 22.Nxd5 Qxd6
23.Rad1 Bxd5 24.Qxd5+ Qxd5 25.Rxd5 Rxb2 26.Bxa7 c3 27.Be3 Ra2 28.Rc1 Rc8
29.Rd7 Rxa5 30.Bf4 Be5 31.Be3 f4 32.Bxf4 Bxf4 33.gxf4 Rac5 34.Rc2 R5c7 35.Rd6 Kf7
36.Kg2 Ke7 37.Rd3 Ke6 38.Kf3 Rc5 39.Re2+ Kf5 40.Rc2 R8c6 41.h3 Kf6 42.Re3 Rc4
43.Rd3 R6c5 44.Rd8 Rf5 45.Rd3 Rh5 46.Kg4 Rhc5 47.Rd6+ Ke7 48.Rd3 Rc6 49.Kf3 R6c5
50.Kg4 h5+ 51.Kf3 Rc6 52.Re2+ Kf7 53.Rc2 Kf6 54.Rd5 R6c5 55.Rd8 Rc8 56.Rd6+ Kf5
57.Rd5+ Ke6 58.Rd3 R8c6 59.Rd8 Ke7 60.Rd3 R6c5 61.Rd1 Rc6 62.Rd3 R4c5 63.Re2+ Kf6
64.Rc2 Kf5 65.Re3 Rc7 66.Rd3 Rc8 67.Re3 Rc4 68.Re5+ Kf6 69.Rd5 R8c6 70.Rd3 Ke6
71.Rd8 Rb4 72.Rd3 Rb3 73.Ke4 Kf6 74.Kf3 Rc5 75.Ke3 Ra3 76.Kf3 Kf5 77.Ke3 Rc4
78.Rd5+ Ke6 79.Rd3 Rb3 80.Kf3 Kf6 81.Ke3 Kf5 82.Rd5+ Ke6 83.Rd3 Rc5 84.Kf3 Kf5
85.Ke3 Rc4 86.Rd5+ Ke6 87.Rd3  1/2-1/2

[Event "Asian Nations Chess Cup"]
[Site "Zaozhuang CHN"]
[Date "2012.05.24"]
[Round "7.3"]
[White "Negi,P"]
[Black "Nguyen Van Huy"]
[Result "1-0"]
[WhiteElo "2640"]
[BlackElo "2502"]

1.e4 c5 2.Nf3 Nc6 3.Nc3 g6 4.d4 cxd4 5.Nxd4 Bg7 6.Be3 Nf6 7.Bc4 Qa5 8.O-O O-O
9.Bb3 d6 10.h3 Bd7 11.Nf3 Qc7 12.Re1 Na5 13.Bg5 Nxb3 14.axb3 Rfe8 15.Qd2 Bc6
16.Nd5 Bxd5 17.exd5 b5 18.c3 Qb7 19.c4 bxc4 20.bxc4 Qb3 21.Rac1 Rab8 22.Re2 Qb4
23.Qd1 Rec8 24.Rxe7 Rxc4 25.Rxa7 Rxc1 26.Qxc1 Nxd5 27.Qc6 Qc5 28.Ra8 Rf8
29.Qb7 h6 30.Rxf8+ Bxf8 31.Bd2 Ne7 32.Qb8 Nf5 33.b4 Qc2 34.b5 d5 35.b6 Kg7
36.Bf4 Bc5 37.b7 Qxf2+ 38.Kh2 Kh7 39.Qc7  1-0

[Event "Asian Nations Chess Cup"]
[Site "Zaozhuang CHN"]
[Date "2012.05.26"]
[Round "9.2"]
[White "Negi,P"]
[Black "Hussein,AH"]
[Result "1-0"]
[WhiteElo "2640"]
[BlackElo "2343"]

1.e4 e5 2.Nf3 Nc6 3.d4 exd4 4.Nxd4 d6 5.Nc3 Nf6 6.Bf4 Bd7 7.Qd2 Be7 8.O-O-O Nxd4
9.Qxd4 O-O 10.h4 Bc6 11.Be2 Re8 12.g4 Bf8 13.f3 Nd7 14.g5 g6 15.h5 Bg7 16.Qf2 Ne5
17.hxg6 hxg6 18.Be3 b5 19.f4 b4 20.Nd5 Bxd5 21.exd5 Qe7 22.Bd4 Nd7 23.Bxg7 Kxg7
24.Qd4+ f6 25.Bb5 Nf8 26.Bxe8 Rxe8 27.Rde1  1-0

[Event "6th LCT GpA 2012"]
[Site "Leiden NED"]
[Date "2012.07.06"]
[Round "1.2"]
[White "Cheung,J"]
[Black "Negi,P"]
[Result "0-1"]
[WhiteElo "2081"]
[BlackElo "2661"]

1.d4 Nf6 2.c4 g6 3.Nc3 d5 4.Nf3 Bg7 5.Qb3 dxc4 6.Qxc4 O-O 7.e4 Nc6 8.Be3 Ng4
9.Rd1 Nxe3 10.fxe3 Bg4 11.Be2 e6 12.O-O Bh6 13.Rd3 Qe7 14.a3 Rad8 15.Qb5 Bxf3
16.Rxf3 Qd7 17.Rd1 b6 18.e5 Bg7 19.Rff1 Ne7 20.Qb3 c5 21.Ne4 cxd4 22.Rxd4 Qc7
23.Nf6+ Kh8 24.Rh4 h6 25.Ng4 Nf5 26.Rh3 Bxe5 27.Nxe5 Qxe5 28.Bg4 Kg7 29.Bxf5 exf5
30.Qa4 Rd2 31.Qh4 h5 32.Rg3 Rfd8 33.Qg5 Rd1 34.Qf4 Rxf1+ 35.Qxf1 Qxb2  0-1

[Event "6th LCT GpA 2012"]
[Site "Leiden NED"]
[Date "2012.07.08"]
[Round "2.2"]
[White "Negi,P"]
[Black "Rijnaarts,S"]
[Result "1/2-1/2"]
[WhiteElo "2661"]
[BlackElo "2319"]

1.e4 c5 2.Nf3 d6 3.d4 cxd4 4.Nxd4 Nf6 5.Nc3 Bd7 6.Be2 e6 7.O-O Be7 8.f4 Nc6
9.Nb3 O-O 10.Be3 Rc8 11.Bf3 a6 12.g4 d5 13.exd5 Nxd5 14.Nxd5 exd5 15.c3 Qc7
16.Qxd5 Rcd8 17.Qh5 Rfe8 18.Rae1 Be6 19.Qh3 Bc4 20.Be2 Bxe2 21.Rxe2 Na5 22.Qf3 Nxb3
23.axb3 Bc5 24.Rfe1 h5 25.gxh5 Rd3 26.Kg2 Qd7 27.Bd4 Rxe2+ 28.Qxe2 Qh3+ 29.Kh1 Bxd4
30.cxd4 Rxd4 31.Qe8+ Kh7 32.Qxf7 Qf3+ 33.Kg1 Qg4+ 34.Kh1 Qf3+ 35.Kg1  1/2-1/2

[Event "6th LCT GpA 2012"]
[Site "Leiden NED"]
[Date "2012.07.08"]
[Round "3.7"]
[White "Negi,P"]
[Black "Roorda,T"]
[Result "1-0"]
[WhiteElo "2661"]
[BlackElo "2025"]

1.e4 e6 2.d4 d5 3.e5 c5 4.c3 Nc6 5.Nf3 Qb6 6.a3 a5 7.Bd3 Bd7 8.dxc5 Qc7 9.Qe2 Bxc5
10.O-O Nge7 11.Re1 h6 12.Nbd2 a4 13.c4 Na5 14.cxd5 Nxd5 15.Ne4 Nb3 16.Rb1 Ke7
17.Bc4 Rhc8 18.Bxd5 exd5 19.Nd6 Kf8 20.Nxc8 Bf5 21.Nd6 Bxb1 22.Bxh6 Be4 23.Bf4 Bxd6
24.exd6 Qd7 25.Ng5 Qf5 26.Nxe4 Qxf4 27.Qh5 Qh6 28.Qxh6 gxh6 29.Nf6 Nc5 30.d7 Ne6
31.Nxd5 Rd8 32.Nb6 Nc5 33.Rd1 Ke7 34.f3 Rg8 35.Rc1  1-0

[Event "6th LCT GpA 2012"]
[Site "Leiden NED"]
[Date "2012.07.10"]
[Round "5.5"]
[White "Negi,P"]
[Black "Erwich,Frank"]
[Result "1-0"]
[WhiteElo "2661"]
[BlackElo "2376"]

1.e4 e5 2.Nf3 Nc6 3.Bb5 Nf6 4.d3 d6 5.O-O Be7 6.c3 O-O 7.Nbd2 Bd7 8.a4 Re8
9.Re1 Bf8 10.Nf1 Qe7 11.Bg5 h6 12.Bh4 Qd8 13.Ne3 Be7 14.a5 Nh7 15.Bg3 Bf8
16.Ba4 Ne7 17.Bc2 Ng6 18.d4 c6 19.dxe5 dxe5 20.Nc4 f6 21.a6 b6 22.Nd6 Bxd6
23.Qxd6 Nhf8 24.Red1 Qc8 25.Nh4 Nxh4 26.Bxh4 Be6 27.Ba4 b5 28.Bc2 Rd8 29.Qc5 Rxd1+
30.Bxd1 Qd7 31.f3 Bc4 32.b3 Bf7 33.Bf2 Ne6 34.Qe3 c5 35.Be2 Qc6 36.Ra5 Rb8
37.b4 cxb4 38.Qxa7 Rd8 39.Qb7 Qxc3 40.a7 Qc1+ 41.Bf1 Nd4 42.Bxd4  1-0

[Event "6th LCT GpA 2012"]
[Site "Leiden NED"]
[Date "2012.07.12"]
[Round "6.1"]
[White "Socko,B"]
[Black "Negi,P"]
[Result "0-1"]
[WhiteElo "2629"]
[BlackElo "2661"]

1.d4 Nf6 2.c4 g6 3.Nc3 d5 4.Bf4 Bg7 5.Nf3 O-O 6.Rc1 Be6 7.Ng5 c5 8.dxc5 d4
9.Nb5 Nc6 10.Nc7 Bf5 11.Nxa8 e5 12.Bd2 e4 13.Qb3 Qe7 14.e3 d3 15.Nh3 Rxa8
16.Nf4 Rd8 17.h3 Ne5 18.Nd5 Qd7 19.Qb5 Nxd5 20.Qxd7 Rxd7 21.cxd5 Rxd5 22.g4 Nf3+
23.Kd1 Bxb2 24.gxf5 Nxd2 25.Kxd2 Bxc1+ 26.Kxc1 Rxc5+ 27.Kb1 gxf5 28.f3 f4
29.exf4 d2 30.Be2 e3 31.Kb2 Kg7 32.Rg1+ Kf6 33.h4 h6 34.Bd3 b5 35.a3 a5 36.Rh1 b4
37.axb4 axb4 38.Ra1 Rc3 39.Be2 Kf5 40.h5 Kxf4 41.Rg1 f5 42.Kb1 Rc1+ 43.Rxc1 dxc1=Q+
44.Kxc1 Kg3 45.Kd1 Kf2 46.f4 b3  0-1

[Event "6th LCT GpA 2012"]
[Site "Leiden NED"]
[Date "2012.07.14"]
[Round "8.1"]
[White "Howell,D"]
[Black "Negi,P"]
[Result "1-0"]
[WhiteElo "2620"]
[BlackElo "2661"]

1.e4 e5 2.Nf3 Nc6 3.Bb5 a6 4.Ba4 Nf6 5.O-O Be7 6.Bxc6 dxc6 7.d3 Bd6 8.Nbd2 Be6
9.b3 c5 10.a4 O-O 11.a5 Nd7 12.Nc4 f6 13.Kh1 Nb8 14.Ng1 Nc6 15.Ne2 Qd7 16.Be3 Rad8
17.Qd2 Kh8 18.f3 Be7 19.Rf2 Bg8 20.Raf1 Nd4 21.Nc3 Qc6 22.f4 exf4 23.Bxf4 b5
24.axb6 cxb6 25.Ne3 f5 26.Nxf5 Nxf5 27.Bg5 Bxg5 28.Qxg5 h6 29.Qd2 Ng3+ 30.hxg3 Rxf2
31.Rxf2 b5 32.Qe3 a5 33.Rf5 c4 34.Rc5 Qf6 35.dxc4 bxc4 36.bxc4 a4 37.Ra5 Qf1+
38.Kh2 Rf8 39.Qd3 Qe1 40.Rf5 Rxf5 41.exf5 a3 42.c5 Qe5 43.c6 Qc5 44.c7 Qxc7
45.Nb5 Qc6 46.Nxa3 Bd5 47.Qe2 Be4 48.f6 gxf6 49.Qd2 Kg7 50.c3 Qa4 51.Qb2 Bd3
52.Qb7+ Kf8 53.Qd5 Qa6 54.Qc5+ Kg7 55.c4 Qa8 56.Qe7+ Kg6 57.Kg1 Qc6 58.Qb4 Be4
59.Qf8 h5 60.Qg8+ Kh6 61.Qf8+ Kg6 62.Qg8+ Kh6 63.Nb5 Bxg2 64.Qf8+ Kh7 65.Qf7+ Kh6
66.Qf8+ Kh7 67.Qf7+ Kh8 68.Nd4 Qe4 69.Qxf6+ Kg8 70.Qg5+ Kf8 71.Qf6+ Kg8 72.Ne6 Qe1+
73.Kxg2 Qe2+ 74.Kh3 Qg4+ 75.Kg2 Qe2+ 76.Qf2 Qxe6 77.Qd4 Kh7 78.c5 Qe2+ 79.Qf2 Qe4+
80.Kh2 Kg6 81.Qg2 Qe5 82.Qc2+ Kf6 83.Qc4 Qb2+ 84.Kh3 Qb1 85.Qd4+ Kg5 86.Qg7+  1-0

[Event "6th LCT GpA 2012"]
[Site "Leiden NED"]
[Date "2012.07.15"]
[Round "9.2"]
[White "Negi,P"]
[Black "Bok,B"]
[Result "1-0"]
[WhiteElo "2661"]
[BlackElo "2512"]

1.e4 e5 2.Nf3 Nc6 3.Bb5 Nf6 4.d3 Bc5 5.c3 O-O 6.O-O d6 7.Nbd2 a6 8.Bxc6 bxc6
9.h3 Re8 10.Re1 Bb6 11.Nf1 h6 12.Be3 Bxe3 13.Nxe3 c5 14.Qc2 a5 15.Rad1 Bb7
16.Nf5 Qd7 17.Nh2 c4 18.Ng4 Nxg4 19.hxg4 cxd3 20.Rxd3 Ba6 21.c4 Qc6 22.b3 a4
23.Rh3 axb3 24.Qd2 f6 25.Nxg7 Kxg7 26.Qxh6+ Kf7 27.Qh7+ Ke6 28.g5 Rf8 29.axb3 Rae8
30.Rh6 Rf7 31.Rxf6+ Rxf6 32.gxf6 Qa8 33.Qf5+ Kf7 34.Re3 Qd8 35.Rg3 Rh8 36.Rg7+ Kf8
37.Qg6 Qe8 38.f7  1-0

[Event "30th Andorra Open"]
[Site "Andorra la Vella AND"]
[Date "2012.07.21"]
[Round "1.2"]
[White "Negi,P"]
[Black "Torner Planell,Jos"]
[Result "1-0"]
[WhiteElo "2661"]
[BlackElo "2122"]

1.e4 e5 2.Nf3 Nc6 3.Bb5 a6 4.Ba4 Nge7 5.c3 g6 6.d4 exd4 7.cxd4 Bg7 8.d5 Ne5
9.Nxe5 Bxe5 10.O-O b5 11.Bc2 c5 12.Nc3 d6 13.Kh1 b4 14.Ne2 Bg7 15.f4 f5 16.e5 O-O
17.Bb3 Bb7 18.Be3 Kh8 19.Rc1 Rc8 20.Qd2 a5 21.Rfd1 Qd7 22.e6 Qe8 23.Bc4 Rc7
24.Ng1 Ng8 25.Nf3 Nf6 26.Re1 Qe7 27.Rcd1 Ne4 28.Qc2 Ra8 29.Ng5 Nf6 30.a4 Ng4
31.Bc1 h6 32.Nf7+ Kh7 33.h3 Qh4 34.Be3 Nxe3 35.Rxe3 Bd4 36.Rf3 Qe7 37.h4 Qxh4+
38.Rh3 Qxf4 39.Rf1 Qg4 40.Be2  1-0

[Event "30th Andorra Open"]
[Site "Andorra la Vella AND"]
[Date "2012.07.23"]
[Round "3.2"]
[White "Negi,P"]
[Black "Burg,T"]
[Result "0-1"]
[WhiteElo "2661"]
[BlackElo "2470"]

1.e4 c5 2.Nf3 d6 3.d4 cxd4 4.Nxd4 Nf6 5.Nc3 a6 6.Be3 e5 7.Nf3 Be7 8.Bc4 O-O
9.O-O Be6 10.Bxe6 fxe6 11.Na4 Ng4 12.Qd3 Nxe3 13.Qxe3 b5 14.Nb6 Ra7 15.Nd5 Rb7
16.Qd3 Kh8 17.Nxe7 Qxe7 18.Rfd1 Rb6 19.b4 Nd7 20.a4 Nf6 21.axb5 axb5 22.Qe3 Qc7
23.Ng5 Re8 24.Qh3 h6 25.Nxe6 Qc8 26.Qe3 Rc6 27.Nxg7 Kxg7 28.Ra7+ Kg6 29.h3 Nh5
30.c4 Rxc4 31.Rxd6+ Re6 32.Rdd7 Qf8 33.Qe2 Nf6 34.g3 h5 35.Qd3 Nxd7 36.Qxd7 Qg8
37.Kg2 Rf6 38.f4 exf4 39.e5 f3+ 40.Kh2 Rc2+ 41.Kh1 f2 42.Qd3+ Kh6 43.exf6 Qd5+  0-1

[Event "30th Andorra Open"]
[Site "Erts-La Massana AND"]
[Date "2012.07.24"]
[Round "4.14"]
[White "Negi,P"]
[Black "Vehi Bach,V"]
[Result "1/2-1/2"]
[WhiteElo "2661"]
[BlackElo "2362"]

1.e4 c5 2.Nf3 e6 3.d4 cxd4 4.Nxd4 Nf6 5.Nc3 d6 6.Be2 Be7 7.O-O Nc6 8.Be3 O-O
9.f4 e5 10.Nb3 exf4 11.Bxf4 Be6 12.Qe1 d5 13.Rd1 Qb6+ 14.Kh1 dxe4 15.Qg3 Bxb3
16.Bh6 Ne8 17.axb3 Nd4 18.Bc4 Qxh6 19.Rxd4 Bd6 20.Qh3 Qxh3 21.gxh3  1/2-1/2

[Event "30th Andorra Open"]
[Site "Erts-La Massana AND"]
[Date "2012.07.25"]
[Round "5.18"]
[White "Sanchez Jerez,E"]
[Black "Negi,P"]
[Result "0-1"]
[WhiteElo "2233"]
[BlackElo "2661"]

1.e4 c5 2.Nf3 d6 3.d4 cxd4 4.Nxd4 Nf6 5.Nc3 a6 6.Be3 e6 7.g4 h6 8.Bg2 e5
9.Nf5 g6 10.Qe2 gxf5 11.exf5 Rg8 12.h3 h5 13.g5 Nc6 14.f4 Bxf5 15.gxf6 Nb4
16.O-O-O Nxc2 17.Bxb7 Nxe3 18.Qxe3 Bh6 19.Rhg1 Rxg1 20.Rxg1 Bxf4 21.Qxf4 exf4
22.Bxa8 Kf8 23.Nd5 Qc8+ 24.Kd2 Qc2+ 25.Ke1 f3  0-1

[Event "30th Andorra Open"]
[Site "Erts-La Massana AND"]
[Date "2012.07.26"]
[Round "6.8"]
[White "Ynojosa,F"]
[Black "Negi,P"]
[Result "0-1"]
[WhiteElo "2374"]
[BlackElo "2661"]

1.e4 c5 2.c3 d5 3.exd5 Qxd5 4.d4 Nc6 5.Nf3 Bf5 6.Be3 Nf6 7.Nbd2 cxd4 8.Nxd4 Nxd4
9.cxd4 Ng4 10.Be2 Qxg2 11.Bf3 Nxe3 12.fxe3 Qg5 13.Qb3 Bd7 14.Rc1 Rd8 15.Rc5 Qh4+
16.Ke2 e6 17.Rh5 Qe7 18.Qxb7 g6 19.Ra5 Bh6 20.h4 O-O 21.Nb3 Rb8 22.Qxa7 Rfc8
23.Bc6 Rxb3 24.axb3 Rxc6 25.Rc5 Rd6 26.Qa8+ Kg7 27.h5 e5 28.Qe4 Rb6 29.hxg6 hxg6
30.Qxe5+ Qxe5 31.Rxe5 Rxb3 32.Rc1 Rxb2+ 33.Kf3 Bh3 34.Kg3 Be6 35.Rf1 Rb3
36.Kf2 Kg8 37.Rd1 Bf8 38.d5 Rb5 39.e4 Be7 40.Kf3 Bf6 41.Kf4 Bd7 42.Ra1 Rb7
43.Ra6 Kg7 44.d6 Bxe5+ 45.Kxe5 Rb5+  0-1

[Event "30th Andorra Open"]
[Site "Erts-La Massana AND"]
[Date "2012.07.27"]
[Round "7.4"]
[White "Negi,P"]
[Black "Marin,Mi"]
[Result "1-0"]
[WhiteElo "2661"]
[BlackElo "2548"]

1.e4 e6 2.d4 d5 3.Nc3 Bb4 4.e5 b6 5.a3 Bf8 6.Nf3 Ne7 7.h4 h6 8.b4 c5 9.Bd3 Nec6
10.b5 Nxd4 11.Nxd4 cxd4 12.Ne2 a6 13.Bb2 axb5 14.Bxb5+ Bd7 15.Nxd4 Bc5 16.Bd3 Bxd4
17.Bxd4 Nc6 18.Bb2 Ra4 19.c4 dxc4 20.Bc2 Ra5 21.Qg4 Kf8 22.O-O Ne7 23.Bc3 Rd5
24.Be4 Bc6 25.Bxd5 Bxd5 26.Rfd1 Nc6 27.Rxd5 exd5 28.Rd1 h5 29.Qf3 Rh6 30.Rxd5 Qe7
31.Rb5 Kg8 32.Rxb6 Qxa3 33.Rb7 Qf8 34.Rc7 Qe8 35.Qf5 Re6 36.Qxh5 Nxe5 37.Qf5 Nc6
38.h5 Rd6 39.Qg4 Ne5 40.Qg3 Rd5 41.h6 Ng6 42.Qxg6  1-0

[Event "30th Andorra Open"]
[Site "Erts-La Massana AND"]
[Date "2012.07.28"]
[Round "8.3"]
[White "Szabo,Krisz1"]
[Black "Negi,P"]
[Result "1/2-1/2"]
[WhiteElo "2548"]
[BlackElo "2661"]

1.e4 c5 2.Nf3 g6 3.d4 cxd4 4.Nxd4 Nf6 5.Nc3 d6 6.Be3 Bg7 7.f3 O-O 8.Qd2 Nc6
9.Bc4 Bd7 10.O-O-O Rc8 11.Bb3 Nxd4 12.Bxd4 b5 13.Nd5 Nxd5 14.Bxg7 Kxg7 15.exd5 a5
16.a3 Kg8 17.h4 b4 18.axb4 axb4 19.h5 Qa5 20.Qd4 Bf5 21.Kd2 Rc5 22.hxg6 Bxg6
23.Ke3 Rfc8 24.Rh4 Qa7 25.Rd2 R8c7 26.Rg4 f6 27.Kf2 Qa1 28.Rd1 Rxc2+ 29.Bxc2 Rxc2+
30.Kg3 Qxb2 31.Qxb2 Rxb2 32.Re1 Kf7 33.Rc4 Bd3 34.Rc7 Be2 35.Kf2 Bc4+ 36.Kg3 Be2
37.Kf2 Bc4+  1/2-1/2

[Event "30th Andorra Open"]
[Site "Erts-La Massana AND"]
[Date "2012.07.29"]
[Round "9.3"]
[White "Negi,P"]
[Black "Berczes,D"]
[Result "1/2-1/2"]
[WhiteElo "2661"]
[BlackElo "2530"]

1.e4 e5 2.Nf3 Nc6 3.Bb5 a6 4.Ba4 Nf6 5.O-O Be7 6.d3 d6 7.c3 O-O 8.Re1 b5
9.Bc2 Bb7 10.Nbd2 Re8 11.Nf1 h6 12.Ng3 Bf8 13.Nf5 d5 14.Qe2 Na5 15.b4 dxe4
16.dxe4 Nc4 17.Nd2 Nxd2 18.Bxd2 Bxe4 19.Bxe4 Nxe4 20.Bxh6 Nd6 21.Nxd6 cxd6
22.Bd2 Qd7 23.a4 bxa4 24.Ra2 d5 25.Rea1 Qb5 26.Qf1 Qxf1+ 27.Kxf1 d4 28.c4 Rac8
29.c5 a5 30.bxa5 Bxc5 31.Rxa4 Ba7 32.a6 Rc2 33.R4a2 Rec8 34.Rxc2 Rxc2 35.Ke2 e4
36.Kd1 Rb2 37.Kc1 Rb5 38.Ra5 Rxa5 39.Bxa5 f5 40.Kc2 Kf7 41.Kb3 d3  1/2-1/2

[Event "40th Olympiad Open"]
[Site "Istanbul TUR"]
[Date "2012.08.28"]
[Round "1.11"]
[White "Negi,P"]
[Black "Kett,T"]
[Result "1-0"]
[WhiteElo "2664"]
[BlackElo "2237"]

1.e4 c5 2.Nf3 Nc6 3.d4 cxd4 4.Nxd4 Nf6 5.Nc3 d6 6.Bg5 e6 7.Qd2 a6 8.O-O-O Bd7
9.f3 b5 10.Kb1 Qb6 11.Be3 Qb7 12.Nxc6 Bxc6 13.g4 b4 14.Ne2 d5 15.g5 Nd7 16.Nd4 dxe4
17.Nxc6 Qxc6 18.fxe4 Be7 19.h4 Ne5 20.Qe2 Rc8 21.Bd4 Bd6 22.h5 O-O 23.Bh3 Nc4
24.e5 Bxe5 25.Bxe5 Nxe5 26.Qxe5 Qxc2+ 27.Ka1 Rc5 28.Qe3 Rfc8 29.g6 f5 30.Qg5 Re8
31.gxh7+ Kh8 32.Rd7  1-0

[Event "40th Olympiad Open"]
[Site "Istanbul TUR"]
[Date "2012.08.29"]
[Round "2.5"]
[White "Ali Marandi,C"]
[Black "Negi,P"]
[Result "1/2-1/2"]
[WhiteElo "2362"]
[BlackElo "2664"]

1.e4 c5 2.c3 d5 3.exd5 Qxd5 4.d4 Nc6 5.Nf3 Bf5 6.Be3 Nf6 7.Na3 cxd4 8.Bc4 Qd7
9.Nxd4 Be4 10.Qb3 e6 11.Nxc6 bxc6 12.Rd1 Qc7 13.f3 Bd5 14.Bd4 Rb8 15.Qa4 Rxb2
16.Bxd5 Nxd5 17.Nc4 Rxg2 18.Rb1 Be7 19.Be5 Bh4+ 20.Kf1 Rf2+ 21.Kg1 Nf4 22.Nd6+ Qxd6
23.Qxf4 Qd2 24.Rb8+ Bd8 25.Rxd8+ Kxd8 26.Qh4+ f6 27.Qxf2 Qxf2+ 28.Kxf2 fxe5
29.Re1 Ke7 30.Rxe5 Rb8 31.Ra5 Rb7 32.Ke3 Kd6 33.Ke4 g6 34.h4 Rb5 35.Rxa7 Rh5
36.Rg7 Rxh4+ 37.Ke3 Ke5 38.Rc7 Kd5 39.a4 h5 40.Rg7 Rxa4 41.Rxg6 h4 42.Rh6 e5
43.Kd3 Rf4 44.Ke3 c5 45.Rh5 Ra4 46.Kd3 c4+ 47.Ke3 Ra3 48.f4 Rxc3+ 49.Kd2 Rd3+
50.Kc2 h3 51.fxe5 Rg3 52.Kd2 Ra3 53.Kc2 Ra2+ 54.Kc3 Ra3+ 55.Kc2 Rg3 56.Kd2 c3+
57.Kc2 Re3 58.Kb3 Ke6 59.Kc2 Rg3 60.Kb3 Rf3 61.Kc2 Re3 62.Kb3 Kd5 63.Kc2 Rf3
64.Kb3 Rd3 65.Kc2 Re3 66.Kb3 Kd4 67.e6 Kd3 68.e7 c2 69.Kb2 Kd2 70.Rd5+ Ke1
71.Rh5 Kd1 72.Rd5+ Ke2 73.Rh5 Rxe7 74.Rxh3 Rb7+ 75.Kxc2  1/2-1/2

[Event "40th Olympiad Open"]
[Site "Istanbul TUR"]
[Date "2012.09.05"]
[Round "8.8"]
[White "Negi,P"]
[Black "Sedlak,N"]
[Result "1/2-1/2"]
[WhiteElo "2664"]
[BlackElo "2549"]

1.e4 e6 2.d4 d5 3.e5 c5 4.c3 Nc6 5.Nf3 Bd7 6.Be2 Nge7 7.O-O Ng6 8.g3 Be7
9.h4 cxd4 10.cxd4 O-O 11.h5 Nh8 12.Nc3 f6 13.exf6 Bxf6 14.Re1 Be8 15.h6 Bh5
16.hxg7 Bxg7 17.Ng5 Bxe2 18.Qxe2 Nxd4 19.Qh5 h6 20.Nxe6 Nxe6 21.Rxe6 Qd7
22.Qxd5 Qxd5 23.Nxd5 Rad8 24.Nc3 Bxc3 25.bxc3 Rd1+ 26.Kg2 Nf7 27.c4 Rc8 28.Rg6+ Kh7
29.Bb2 Kxg6 30.Rxd1 Rxc4 31.Rd7 Rc2 32.Rxb7 Nd6 33.Rg7+ Kf5 34.g4+ Ke6 35.Bd4 Rxa2
36.Bxa7 Ne8 37.Rh7 Nf6 38.Rxh6 Rxa7 39.g5 Kf5 40.gxf6 Kg5 41.Rh8 Kxf6 42.Rb8 Ke5  1/2-1/2

[Event "Baku Open 2012"]
[Site "Baku AZE"]
[Date "2012.09.22"]
[Round "1.4"]
[White "Negi,P"]
[Black "Agaragimov,D"]
[Result "1/2-1/2"]
[WhiteElo "2658"]
[BlackElo "2343"]

1.e4 c5 2.Nf3 Nc6 3.d4 cxd4 4.Nxd4 Nf6 5.Nc3 e5 6.Ndb5 d6 7.Bg5 a6 8.Na3 b5
9.Nd5 Be7 10.Bxf6 Bxf6 11.c4 b4 12.Nc2 Bg5 13.Be2 O-O 14.O-O Rb8 15.Bg4 Be6
16.Bxe6 fxe6 17.Nde3 Be7 18.b3 Qb6 19.Qg4 Rf6 20.Rfd1 a5 21.h4 Rbf8 22.Rd2 Nd8
23.g3 Rg6 24.Qh3 Qc6 25.Re1 h5 26.Kh2 Nb7  1/2-1/2

[Event "Baku Open 2012"]
[Site "Baku AZE"]
[Date "2012.09.23"]
[Round "2.13"]
[White "Iskandarov,M"]
[Black "Negi,P"]
[Result "0-1"]
[WhiteElo "2380"]
[BlackElo "2658"]

1.e4 c5 2.Nf3 e6 3.d3 Nc6 4.g3 g6 5.Bg2 Bg7 6.O-O Nge7 7.Re1 e5 8.Be3 d6
9.c3 O-O 10.Na3 h6 11.b4 cxb4 12.cxb4 f5 13.b5 Na5 14.Qa4 b6 15.Nc4 Nxc4
16.Qxc4+ Kh7 17.Rac1 Bd7 18.Qb4 Rc8 19.Rxc8 Bxc8 20.Bc1 Be6 21.Ba3 Nc8 22.d4 fxe4
23.Rxe4 Bd5 24.dxe5 dxe5 25.Nxe5 Bxe4 26.Bxe4 Qd1+ 27.Kg2 Rxf2+ 28.Kxf2 Bxe5
29.Bb2 Bxb2 30.Qxb2 Qd6 31.Qc3 Ne7 32.a4 Kg8 33.Qd3 Qe5 34.Bf3 Kf7 35.Qb3+ Kf6
36.Qc2 h5 37.Kg2 Kg7 38.Qc4 Qe3 39.Qe4 Qc5 40.Qb7 Kh6 41.Qb8 Qc2+ 42.Kh3 Qf5+
43.Kg2 Qf6 44.a5 Nf5 45.Qf4+ g5 46.Qd2 bxa5 47.h4 a4 48.hxg5+ Qxg5 49.Qe1 a3
50.Qe6+  0-1

[Event "Baku Open 2012"]
[Site "Baku AZE"]
[Date "2012.09.24"]
[Round "3.6"]
[White "Negi,P"]
[Black "Guliyev,N"]
[Result "1-0"]
[WhiteElo "2658"]
[BlackElo "2536"]

1.e4 e5 2.Nf3 Nf6 3.Nxe5 d6 4.Nf3 Nxe4 5.Nc3 Nf6 6.d4 Be7 7.Bd3 O-O 8.O-O Bg4
9.h3 Bh5 10.g4 Bg6 11.Nh4 Nc6 12.Nxg6 hxg6 13.g5 Nh7 14.f4 Nxd4 15.Bxg6 fxg6
16.Qxd4 Qd7 17.Qc4+ Kh8 18.Qd3 c6 19.Bd2 d5 20.Rae1 Bd6 21.Kg2 Qf5 22.Qxf5 Rxf5
23.Ne2 Nf8 24.Ng3 Rf7 25.h4 Kg8 26.h5 Rd8 27.Kh3 gxh5 28.Nxh5 Nd7 29.Bc3 c5
30.g6 Rff8 31.Bxg7 Rf5 32.Ng3 Rxf4 33.Rxf4 Bxf4 34.Nf5 Bg5 35.Re6 Nf8 36.Bxf8 Rxf8
37.Kg4 Bf6 38.Rd6 Bxb2 39.Rd7 Rb8 40.Rf7  1-0

[Event "Baku Open 2012"]
[Site "Baku AZE"]
[Date "2012.09.28"]
[Round "7.4"]
[White "Negi,P"]
[Black "Sanikidze,T"]
[Result "1-0"]
[WhiteElo "2658"]
[BlackElo "2586"]

1.e4 e5 2.Nf3 Nc6 3.d4 exd4 4.Nxd4 Bc5 5.Nb3 Bb6 6.Nc3 Nf6 7.Qe2 O-O 8.Bg5 h6
9.Bh4 a5 10.O-O-O a4 11.Nd2 g5 12.Bg3 d5 13.h4 g4 14.h5 a3 15.b3 Bd4 16.Nb5 Bb2+
17.Kb1 dxe4 18.Nc4 Qe7 19.Qe3 Nb4 20.Qxh6 Nfd5 21.Nxb2 axb2 22.Bc4 Nxa2 23.Rxd5 Nc3+
24.Kxb2 Nxd5 25.Bxd5 Ra6 26.Qf4 c6 27.Bh4 Qc5 28.Qg5+ Kh7 29.Bxe4+ f5 30.Qg6+ Kh8
31.Bf6+ Rxf6 32.Qxf6+  1-0

[Event "Baku Open 2012"]
[Site "Baku AZE"]
[Date "2012.09.29"]
[Round "8.1"]
[White "Zhigalko,S"]
[Black "Negi,P"]
[Result "1-0"]
[WhiteElo "2667"]
[BlackElo "2658"]

1.e4 c5 2.c3 d5 3.exd5 Qxd5 4.d4 Nf6 5.Nf3 Bg4 6.dxc5 Qxd1+ 7.Kxd1 Nc6 8.h3 O-O-O+
9.Ke1 Bxf3 10.gxf3 e6 11.b4 Be7 12.a3 Rd5 13.Ra2 Rf5 14.f4 Rd8 15.Rg1 Nh5
16.Be2 Nxf4 17.Bxf4 Rxf4 18.Rxg7 Bh4 19.Rg2 Ne7 20.Rd2 Nd5 21.Rd3 Re4 22.Kd1 Rxe2
23.Rxd5 Rxf2 24.Rxd8+ Kxd8 25.Rg8+ Kd7 26.Nd2 Rf4 27.Kc2 Be1 28.Nb1 e5 29.Rg1 Bf2
30.Rd1+ Kc7 31.a4 a5 32.Rd5 f6 33.Rd6 axb4 34.cxb4 b6 35.Rxb6 Be1 36.Na3 Rxb4
37.Nb5+ Kc8 38.Rxf6 Bh4 39.Rh6 Bd8 40.Rxh7 Rc4+ 41.Kd3 Rxc5 42.h4 e4+ 43.Kd4 Rc1
44.h5 Bb6+ 45.Kxe4 Rc4+ 46.Kd5 Rxa4 47.Kc6 Ra6 48.Nd6+ Kb8 49.Rb7+ Ka8 50.Rxb6 Ra7
51.Rb5  1-0

[Event "Baku Open 2012"]
[Site "Baku AZE"]
[Date "2012.09.30"]
[Round "9.5"]
[White "Negi,P"]
[Black "Nigalidze,G"]
[Result "1/2-1/2"]
[WhiteElo "2658"]
[BlackElo "2449"]

1.e4 c6 2.d4 d5 3.e5 Bf5 4.Nf3 e6 5.Be2 Nd7 6.O-O Ne7 7.Nbd2 Ng6 8.Ne1 h5
9.Bd3 Bxd3 10.Nxd3 c5 11.c3 Nh4 12.dxc5 Nxc5 13.Nxc5 Bxc5 14.Qa4+ Kf8 15.c4 Qg5
16.g3 Qg4 17.Qb5 b6 18.cxd5 Rd8 19.d6 Ng6 20.Nb3 Nxe5 21.Nxc5 Nf3+ 22.Kg2 Nh4+
23.Kg1 Nf3+  1/2-1/2

[Event "TCh-CHN 2012"]
[Site "Hangzhou CHN"]
[Date "2012.10.06"]
[Round "15"]
[White "Bai,Jinshi"]
[Black "Negi,P"]
[Result "0-1"]
[WhiteElo "2231"]
[BlackElo "2639"]

1.d4 Nf6 2.c4 g6 3.Nc3 d5 4.Nf3 Bg7 5.Qb3 dxc4 6.Qxc4 O-O 7.e4 a6 8.e5 b5
9.Qb3 Nfd7 10.Ng5 Nc6 11.Be3 Na5 12.Qc2 c5 13.dxc5 Nxe5 14.Rd1 Bf5 15.Rxd8 Bxc2
16.Rd2 Bf5 17.Nd5 Nac6 18.Be2 e6 19.Nb6 Rad8 20.Rxd8 Rxd8 21.O-O Bd3 22.Bxd3 Nxd3
23.b3 Ndb4 24.a4 Rd3 25.axb5 axb5 26.Rb1 Nc2 27.Bf4 Na3 28.Re1 Rxb3 29.Nf3 Rd3
30.h4 b4 31.Bc1 Nc2 32.Rf1 b3 33.Nc4 N2d4 34.Nxd4 Rxd4 35.Nd6 Rxh4  0-1

[Event "TCh-CHN 2012"]
[Site "Hangzhou CHN"]
[Date "2012.10.07"]
[Round "16"]
[White "Negi,P"]
[Black "Liu Guanchu"]
[Result "0-1"]
[WhiteElo "2639"]
[BlackElo "2260"]

1.e4 e6 2.d4 d5 3.e5 c5 4.c3 Nc6 5.Nf3 Qb6 6.a3 c4 7.Nbd2 Na5 8.Be2 Bd7 9.O-O O-O-O
10.Rb1 Qc7 11.Qe1 Ba4 12.Bd1 Bxd1 13.Qxd1 Ne7 14.b3 cxb3 15.Nxb3 Nec6 16.Nxa5 Nxa5
17.Bg5 Rd7 18.Qa4 b6 19.c4 Nxc4 20.Rfc1 Kb7 21.Nd2 Qc6 22.Qb3 Rc7 23.a4 h6
24.Be3 a5 25.Nxc4 dxc4 26.Qb5 Bb4 27.Qxc6+ Rxc6 28.f4 h5 29.Kf2 g6 30.Rc2 Ka6
31.h3 Rd8 32.Kf3 c3 33.Ke4 b5 34.axb5+ Kxb5 35.Kd3 a4 36.Bc1 Rc4 37.Be3 a3
38.Ra2 c2 39.Rxc2 Rxc2 40.Kxc2 Kc4 41.Ra1 Ra8 42.Ra2 Bc3 43.Bc1 Bxd4 44.Rxa3 Rxa3
45.Bxa3 Be3 46.f5 gxf5 47.Kd1 Kd3 48.Ke1 Bd4 49.Bd6 Ke4 50.Ke2 Bxe5 51.Bc5 Bd4
52.Bd6 e5 53.Be7 Kf4 54.Bh4 Bc5 55.Be1 Ke4 56.Bh4 Kf4 57.Be1 Be7 58.Bf2 Bb4
59.Bh4 Bc5 60.Be1 Bg1 61.Bh4 e4 62.Be1 e3 63.Kf1 Bf2 64.Ba5 Kg3 65.Bc7+ f4
66.Bd6 h4 67.Bc7 f5 68.Bd6 e2+ 69.Kxe2 Kxg2 70.Bxf4 Bg3 71.Be3 f4 72.Bc5 f3+
73.Kd3 Kxh3  0-1

[Event "TCh-CHN 2012"]
[Site "Hangzhou CHN"]
[Date "2012.10.08"]
[Round "17"]
[White "Ni Hua"]
[Black "Negi,P"]
[Result "1-0"]
[WhiteElo "2637"]
[BlackElo "2639"]

1.c4 g6 2.Nf3 Bg7 3.Nc3 c5 4.g3 Nc6 5.Bg2 e5 6.O-O Nge7 7.a3 O-O 8.b4 d6
9.Rb1 Rb8 10.d3 b6 11.e3 Bf5 12.Ng5 Bc8 13.Nf3 Bf5 14.Ng5 h6 15.Nge4 Be6
16.Nd2 Qd7 17.Nd5 cxb4 18.axb4 b5 19.Ba3 Rfc8 20.Qe2 f5 21.Rfc1 a6 22.Nb3 bxc4
23.dxc4 e4 24.Nxe7+ Nxe7 25.Nd4 d5 26.b5 Bxd4 27.exd4 dxc4 28.bxa6 Nc6 29.Qe3 Nxd4
30.Rb7 Rxb7 31.axb7 Rd8 32.Bb2 Nb5 33.Qxh6 Qh7 34.Qxh7+ Kxh7 35.Be5 c3 36.Bf1  1-0